|
|
|
|
| LEADER |
00000cam a22000004a 4500 |
| 001 |
musev2_99449 |
| 003 |
MdBmJHUP |
| 005 |
20230905053428.0 |
| 006 |
m o d |
| 007 |
cr||||||||nn|n |
| 008 |
171016s2017 ohu o 00 0 eng d |
| 020 |
|
|
|a 9780821446157
|
| 020 |
|
|
|z 9780821422939
|
| 020 |
|
|
|z 9780821422922
|
| 035 |
|
|
|a (OCoLC)1006381181
|
| 040 |
|
|
|a MdBmJHUP
|c MdBmJHUP
|
| 100 |
1 |
|
|a Ahlman, Jeffrey S.,
|d 1982-
|e author.
|
| 245 |
1 |
0 |
|a Living with Nkrumahism :
|b Nation, State, and Pan-Africanism in Ghana /
|c Jeffrey S. Ahlman.
|
| 264 |
|
1 |
|a Athens, Ohio :
|b Ohio University Press,
|c 2017.
|
| 264 |
|
3 |
|a Baltimore, Md. :
|b Project MUSE,
|c 2022
|
| 264 |
|
4 |
|c ©2017.
|
| 300 |
|
|
|a 1 online resource (322 pages).
|
| 336 |
|
|
|a text
|b txt
|2 rdacontent
|
| 337 |
|
|
|a computer
|b c
|2 rdamedia
|
| 338 |
|
|
|a online resource
|b cr
|2 rdacarrier
|
| 490 |
0 |
|
|a New African histories
|
| 505 |
0 |
|
|a Introduction: Decolonization and the Pan-African nation -- The world of Kwame Nkrumah : Pan-Africanism, empire, and the Gold Coast in global perspective -- From the Gold Coast to Ghana : modernization and the politics of Pan-African nation-building -- A new type of citizen : youth and the making of Pan-African citizenship -- "Work and happiness for all" : productivity and the political economy of Pan-African revolution -- Working for the revolution : gender, secrecy, and security in the Pan-African state -- Negotiating Nkrumahism : belonging, uncertainty, and the Pan-African one-party state -- Conclusion: "Forward ever, backward never."
|
| 520 |
|
|
|a In the 1950s, Ghana, under the leadership of Kwame Nkrumah and the Convention People's Party, drew the world's attention as anticolonial activists, intellectuals, and politicians looked to it as a model for Africa's postcolonial future. Nkrumah was a visionary, a statesman, and one of the key makers of contemporary Africa.
|
| 588 |
|
|
|a Description based on print version record.
|
| 600 |
1 |
7 |
|a Nkrumah, Kwame,
|d 1909-1972.
|2 fast
|0 (OCoLC)fst00037593
|
| 600 |
1 |
0 |
|a Nkrumah, Kwame,
|d 1909-1972
|x Influence.
|
| 651 |
|
7 |
|a Ghana.
|2 fast
|0 (OCoLC)fst01208741
|
| 651 |
|
0 |
|a Ghana
|x Politics and government
|y 1979-2001.
|
| 651 |
|
0 |
|a Ghana
|x Politics and government
|y 1957-1979.
|
| 650 |
|
7 |
|a Politics and government.
|2 fast
|0 (OCoLC)fst01919741
|
| 650 |
|
7 |
|a Pan-Africanism.
|2 fast
|0 (OCoLC)fst01051896
|
| 650 |
|
7 |
|a Influence (Literary, artistic, etc.)
|2 fast
|0 (OCoLC)fst00972484
|
| 650 |
|
7 |
|a Decolonization.
|2 fast
|0 (OCoLC)fst00889115
|
| 650 |
|
7 |
|a HISTORY
|z Africa
|x West.
|2 bisacsh
|
| 650 |
|
0 |
|a Pan-Africanism.
|
| 650 |
|
0 |
|a Decolonization
|z Ghana.
|
| 655 |
|
7 |
|a Electronic books.
|2 local
|
| 710 |
2 |
|
|a Project Muse.
|e distributor
|
| 830 |
|
0 |
|a Book collections on Project MUSE.
|
| 856 |
4 |
0 |
|z Texto completo
|u https://projectmuse.uam.elogim.com/book/99449/
|
| 945 |
|
|
|a Project MUSE - Custom Collection
|